000
00273nam a2200109Ia 4500
008
180219s9999 xx 000 0 und d
020
_a
605634433
100
_a
Hillerman, Tony
245
_a
Skeleton man /
260
_a
Canada :
_b
Acid free papre
_c
2004
300
_a
238 pages
999
_c
355934
_d
355934